Online
Catalog

Método integral para modificar actitudes y mantener la disciplina en el aula : (Record no. 16710)

MARC details
000 -CABECERA
campo de control de longitud fija 00641nam a2200181 a 4500
001 - NÚMERO DE CONTROL
campo de control 000017184
005 - FECHA Y HORA DE LA ÚLTIMA TRANSACCIÓN
campo de control 20250124114731.0
008 - DATOS DE LONGITUD FIJA--INFORMACIÓN GENERAL
campo de control de longitud fija 100319s2003 dr a 000 0 spa d
040 ## - FUENTE DE LA CATALOGACIÓN
Centro catalogador/agencia de origen DO-SdBNP
Lengua de catalogación spa
Centro/agencia transcriptor BNPHU
082 ## - NÚMERO DE LA CLASIFICACIÓN DECIMAL DEWEY
Número de clasificación xxx
Número de documento/Ítem M483
049 ## - FONDOS LOCALES (OCLC)
Fondos de biblioteca BNPD
100 1# - ENTRADA PRINCIPAL--NOMBRE DE PERSONA
Nombre de persona Moreno Ceballos, Nelson,
Fechas asociadas al nombre 1946-
9 (RLIN) 33018
245 10 - MENCIÓN DE TÍTULO
Título Método integral para modificar actitudes y mantener la disciplina en el aula :
Resto del título Nelson Moreno - Ceballos.
260 ## - PUBLICACIÓN, DISTRIBUCIÓN, ETC.
Lugar de publicación, distribución, etc. Santo Domingo :
Nombre del editor, distribuidor, etc. Plan - Indesui,
Fecha de publicación, distribución, etc. 2003.
300 ## - DESCRIPCIÓN FÍSICA
Extensión 115 p. :
Otras características físicas il. ;
Dimensiones 18 cm.
500 ## - NOTA GENERAL
Nota general Incluye datos biográficos del autor en la páginas 115
504 ## - NOTA DE BIBLIOGRAFÍA, ETC.
Nota de bibliografía, etc. Incluye bibliografías [p. 112-114]
Holdings
Estado de retiro Estado de pérdida No para préstamo Código de colección Localización permanente Ubicación/localización actual Ubicación en estantería Fecha de adquisición Número de inventario Total de préstamos Signatura topográfica completa Código de barras Fecha visto por última vez Precio válido a partir de Tipo de ítem Koha Número de copia
    Excluido de préstamo Patrimonio Dominicano Patrimonio Dominicano Patrimonio Dominicano En catalogación 19.03.2010 LF1   xxx M483 17184-10 25.06.2020 25.06.2020 Libro y Folleto Colección Patrimonio Dominicano  
    Excluido de préstamo Patrimonio Dominicano Patrimonio Dominicano Patrimonio Dominicano En catalogación 19.03.2010 LF1   xxx M483 17184-20 25.06.2020 25.06.2020 Libro y Folleto Colección Patrimonio Dominicano e. 2

Powered by Koha